Sports Quiz

Random Sports or Football Quiz

Seattle Pilots Players Quiz Stats

 Plays Quiz not verified by Sporcle

Challenge
Share
Tweet
Embed
Score 0/51 Timer 09:00
0 Plays Today
Position Player % Correct
SPJim Bouton
84.4%
3BTommy Harper
74.4%
OFTommy Davis
73.3%
1BDon Mincher
66.7%
SSRay Oyler
66.7%
RPDiego Segui
65.6%
CJerry McNertney
57.8%
SPGene Brabender
54.4%
SPMarty Pattin
54.4%
OFMike Hegan
48.9%
OFSteve Hovley
48.9%
3BRich Rollins
46.7%
OFBilly Williams
44.4%
SPMike Marshall
43.3%
1BGreg Goossen
41.1%
SPFred Talbot
40%
RPDooley Womack
40%
CMerritt Ranew
37.8%
3BGus Gil
37.8%
OFWayne Comer
36.7%
SPSteve Barber
36.7%
CLarry Haney
35.6%
2BJohn Donaldson
35.6%
CJim Pagliaroni
34.4%
SSJohn Kennedy
34.4%
SPMiguel Fuentes
32.2%
Position Player % Correct
RPBob Locker
32.2%
OFJim Gosger
31.1%
RPJack Aker
31.1%
DHRay Ferraro
28.9%
RPJohn Gelnar
28.9%
OFSteve Whitaker
26.7%
OFSandy Valdespino
25.6%
SSRon Clark
24.4%
OFDick Simpson
23.3%
SPGary Timberlake
23.3%
SPGeorge Brunet
22.2%
RPJohn O'Donoghue
22.2%
SSFred Stanley
21.1%
OFJose Vidal
20%
OFDanny Walton
20%
CFreddie Velazquez
18.9%
RPDick Baney
18.9%
SSGordy Lund
17.8%
SPSkip Lockwood
17.8%
SPBob Meyer
16.7%
RPJerry Stephenson
16.7%
RPBucky Brandon
14.4%
RPBill Edgerton
14.4%
RPDick Bates
13.3%
RPJohn Morris
13.3%

You're not logged in!

Compare scores with friends on all Sporcle quizzes.
OR
Log In

You Might Also Like...

Show Comments

Extras

Top Quizzes Today


Score Distribution

Your Account Isn't Verified!

In order to create a playlist on Sporcle, you need to verify the email address you used during registration. Go to your Sporcle Settings to finish the process.

Report this User

Report this user for behavior that violates our Community Guidelines.

Details: